[Event "4NCL Div 1 2018-19"]
[Site "Telford"]
[Date "2019.02.09"]
[Round "5.10"]
[White "Rendle, Thomas E"]
[Black "Zhou, Yang-Fan"]
[Result "1/2-1/2"]
[WhiteElo "2373"]
[BlackElo "2436"]
[Annotator "NA"]
[PlyCount "65"]
[EventDate "2018.11.10"]
[EventType "team-tourn"]
[EventCountry "GBR"]
[SourceTitle "playchess.com"]
[Source "ChessBase"]
[SourceQuality "1"]
[TimeControl "40/6000+30:3000+30"]

1. e4 {[%emt 0:00:00]} c5 {[%emt 0:00:00]} 2. Nc3 {[%emt 0:00:00]} Nc6 {[%emt 0:00:00]} 3. Bb5 {[%emt 0:00:00]} Nd4 {[%emt 0:00:00]} 4. Nf3 {[%emt 0:00:00]} Nxb5 {[%emt 0:03:12]} 5. Nxb5 {[%emt 0:01:22]} d6 {[%emt 0:00:03]} 6. Nc3 {[%emt 0:08:26]} Nf6 {[%emt 0:01:35]} 7. d4 {[%emt 0:02:24]} cxd4 {[%emt 0:00:34]} 8. Qxd4 {[%emt 0:00:14]} e5 {[%emt 0:00:16]} 9. Qa4+ {[%emt 0:00:58]} Bd7 {[%emt 0:01:13]} 10. Qb3 {[%emt 0:07:59]} h6 {[%emt 0:20:19]} 11. Qxb7 {[%emt 0:07:11]} Be7 $14 {[%emt 0:00:05]} 12. O-O {[%emt 0:06:20]} O-O {[%emt 0:02:43]} 13. Rd1 {[%emt 0:04:22]} a5 {[%emt 0:03:40]} 14. Nh4 {[%emt 0:24:00]} Rb8 {[%emt 0:13:59]} 15. Qa6 {[%emt 0:02:45]} Qc7 {[%emt 0:00:40]} 16. Qd3 {[%emt 0:04:17]} Rb4 {[%emt 0:11:59]} 17. Nf5 {[%emt 0:05:09]} Bxf5 {[%emt 0:02:02]} 18. exf5 {[%emt 0:00:07]} d5 {[%emt 0:08:31]} 19. Nxd5 {[%emt 0:04:21]} Nxd5 {[%emt 0:00:07]} 20. Qxd5 {[%emt 0:00:09]} Qxc2 {[%emt 0:00:48]} 21. Qd3 {[%emt 0:04:58]} Rc8 {[%emt 0:02:21]} 22. b3 {[%emt 0:03:56]} Rd4 {[%emt 0:07:04]} 23. Qxc2 {[%emt 0:00:15]} Rxc2 {[%emt 0:00:02]} 24. Rf1 {[%emt 0:02:49]} Bg5 {[%emt 0:03:40]} 25. g3 {[%emt 0:02:16]} Bd2 {[%emt 0:07:57]} 26. a3 {[%emt 0:08:40]} Kf8 {[%emt 0:03:48]} 27. Rb1 {[%emt 0:01:16]} Ke7 {[%emt 0:01:45]} 28. b4 {[%emt 0:02:30]} a4 {[%emt 0:02:25]} 29. Bxd2 {[%emt 0:02:05]} Rdxd2 {[%emt 0:00:16]} 30. b5 {[%emt 0:00:40]} Rb2 {[%emt 0:04:57]} 31. Rxb2 {[%emt 0:00:04]} Rxb2 {[%emt 0:00:04]} 32. Rc1 {[%emt 0:00:07]} Kf6 {[%emt 0:02:00]} 33. Rc4 {[%emt 0:00:59]} 1/2-1/2

[Event "4NCL Div 1 2018-19"]
[Site "Telford"]
[Date "2019.02.09"]
[Round "5.11"]
[White "Suarez Real, Alberto"]
[Black "Daskalov, Dimitar"]
[Result "1-0"]
[WhiteElo "2438"]
[BlackElo "2330"]
[Annotator "NA"]
[PlyCount "91"]
[EventDate "2018.11.10"]
[EventType "team-tourn"]
[EventCountry "GBR"]
[SourceTitle "playchess.com"]
[Source "ChessBase"]
[SourceQuality "1"]
[TimeControl "40/6000+30:3000+30"]

1. e4 {[%emt 0:00:00]} e5 {[%emt 0:00:00]} 2. Nf3 {[%emt 0:00:00]} Nf6 {[%emt 0:00:00]} 3. Nxe5 {[%emt 0:00:19]} d6 {[%emt 0:00:00]} 4. Nf3 {[%emt 0:00:18]} Nxe4 {[%emt 0:00:00]} 5. d4 {[%emt 0:00:31]} d5 {[%emt 0:00:03]} 6. Bd3 {[%emt 0:00:20]} Nc6 {[%emt 0:01:17]} 7. O-O {[%emt 0:00:45]} Be7 {[%emt 0:02:16]} 8. c4 {[%emt 0:01:22]} Nb4 {[%emt 0:02:33]} 9. Be2 {[%emt 0:03:17]} O-O {[%emt 0:08:49]} 10. Nc3 {[%emt 0:02:11]} Be6 {[%emt 0:08:15]} 11. Be3 {[%emt 0:27:23]} Bf6 {[%emt 0:10:55]} 12. Qa4 {[%emt 0:26:12]} Nxc3 {[%emt 0:18:05]} 13. bxc3 {[%emt 0:00:07]} Nc6 {[%emt 0:00:10]} 14. c5 {[%emt 0:13:33]} a6 {[%emt 0:02:41]} 15. Rab1 {[%emt 0:04:39]} Qd7 {[%emt 0:00:48]} 16. Qc2 {[%emt 0:03:49]} Bf5 {[%emt 0:04:05]} 17. Bd3 {[%emt 0:00:10]} Bxd3 {[%emt 0:00:03]} 18. Qxd3 {[%emt 0:00:05]} Na5 {[%emt 0:02:55]} 19. Bg5 {[%emt 0:00:42]} Bxg5 {[%emt 0:00:57]} 20. Nxg5 {[%emt 0:00:03]} g6 {[%emt 0:00:08]} 21. Nf3 {[%emt 0:04:56]} f6 {[%emt 0:00:16]} 22. Nd2 {[%emt 0:09:38]} Rad8 {[%emt 0:04:37]} 23. Qg3 {[%emt 0:00:31]} Rfe8 {[%emt 0:02:55]} 24. Rfe1 {[%emt 0:00:23]} b5 {[%emt 0:03:48]} 25. h4 {[%emt 0:02:55]} Nc4 {[%emt 0:04:17]} 26. Nxc4 {[%emt 0:00:50]} dxc4 {[%emt 0:00:57]} 27. Qf3 {[%emt 0:02:38]} Kf7 {[%emt 0:03:25]} 28. Qb7 {[%emt 0:02:17]} Qc8 {[%emt 0:04:27]} 29. Qc6 {[%emt 0:00:06]} Rxe1+ {[%emt 0:04:17]} 30. Rxe1 {[%emt 0:00:02]} b4 {[%emt 0:00:08]} 31. Qa4 {[%emt 0:02:30]} bxc3 {[%emt 0:05:17]} 32. Qxc4+ {[%emt 0:00:01]} Kf8 {[%emt 0:00:07]} 33. Re6 {[%emt 0:01:49]} Qd7 {[%emt 0:01:33]} 34. Rxf6+ {[%emt 0:00:26]} Kg7 {[%emt 0:00:03]} 35. Rf4 {[%emt 0:00:14]} Qd5 {[%emt 0:02:06]} 36. Qxc3 {[%emt 0:00:02]} Qxa2 {[%emt 0:00:06]} 37. Qe3 {[%emt 0:01:40]} Rd7 {[%emt 0:06:58]} 38. Qe5+ {[%emt 0:00:47]} Kh6 {[%emt 0:00:06]} 39. Qg5+ {[%emt 0:00:04]} Kg7 {[%emt 0:00:03]} 40. Qe5+ {[%emt 0:01:07]} Kh6 {[%emt 0:00:06]} 41. Qg5+ {[%emt 0:11:44]} Kg7 {[%emt 0:00:05]} 42. Qf6+ {[%emt 0:00:05]} Kh6 {[%emt 0:00:03]} 43. Qf8+ {[%emt 0:00:17]} Rg7 {[%emt 0:00:15]} 44. g4 {[%emt 0:05:37]} Qg8 {[%emt 0:03:05]} 45. Qf6 {[%emt 0:00:15]} Rd7 {[%emt 0:02:07]} 46. Rf5 {[%emt 0:00:23]} 1-0

[Event "4NCL Div 1 2018-19"]
[Site "Telford"]
[Date "2019.02.09"]
[Round "5.12"]
[White "Palliser, Richard J D"]
[Black "Manley, Jon P"]
[Result "1/2-1/2"]
[WhiteElo "2414"]
[BlackElo "2149"]
[Annotator "NA"]
[PlyCount "60"]
[EventDate "2018.11.10"]
[EventType "team-tourn"]
[EventCountry "GBR"]
[SourceTitle "playchess.com"]
[Source "ChessBase"]
[SourceQuality "1"]
[TimeControl "40/6000+30:3000+30"]

1. d4 {[%emt 1:57:00]} d5 {[%emt 0:00:16]} 2. c4 {[%emt 0:00:08]} dxc4 {[%emt 0:00:40]} 3. e3 {[%emt 0:01:05]} e6 {[%emt 0:00:36]} 4. Bxc4 {[%emt 0:00:14]} a6 {[%emt 0:00:27]} 5. Nf3 {[%emt 0:00:23]} Nf6 {[%emt 0:04:30]} 6. O-O {[%emt 0:00:13]} c5 {[%emt 0:01:34]} 7. Bd3 {[%emt 0:01:41]} Nc6 {[%emt 0:03:26]} 8. Nc3 {[%emt 0:00:26]} Qc7 {[%emt 0:07:58]} 9. Bd2 {[%emt 0:08:38]} Bd6 {[%emt 0:16:37]} 10. Rc1 {[%emt 0:03:47]} cxd4 {[%emt 0:07:09]} 11. exd4 {[%emt 0:00:05]} O-O {[%emt 0:00:45]} 12. Bg5 {[%emt 0:10:18]} Bf4 {[%emt 0:02:20]} 13. Bxf6 {[%emt 0:01:25]} gxf6 {[%emt 0:15:36]} 14. Ne4 {[%emt 0:24:39]} Qe7 {[%emt 0:04:12]} 15. Rc4 {[%emt 0:05:30]} f5 {[%emt 0:04:59]} 16. Nc3 {[%emt 0:02:56]} Nb4 {[%emt 0:05:54]} 17. d5 {[%emt 0:02:55]} Bd6 {[%emt 0:04:05]} 18. Bxf5 {[%emt 0:12:23]} exf5 {[%emt 0:06:27]} 19. a3 {[%emt 0:00:04]} a5 {[%emt 0:03:44]} 20. axb4 {[%emt 0:04:11]} axb4 {[%emt 0:00:38]} 21. Nb5 {[%emt 0:01:32]} Ra5 {[%emt 0:00:48]} 22. Re1 {[%emt 0:01:23]} Qf6 {[%emt 0:00:18]} 23. Nxd6 {[%emt 0:00:08]} Qxd6 {[%emt 0:00:21]} 24. Qc1 {[%emt 0:08:15]} Bd7 {[%emt 0:02:59]} 25. Rh4 {[%emt 0:10:52]} Rxd5 {[%emt 0:07:59]} 26. Qg5+ {[%emt 0:01:49]} Qg6 {[%emt 0:00:27]} 27. Qf4 {[%emt 0:00:38]} Qd6 {[%emt 0:02:22]} 28. Qg5+ {[%emt 0:03:51]} Qg6 {[%emt 0:00:06]} 29. Qf4 {[%emt 0:01:06]} Qd6 {[%emt 0:00:12]} 30. Qg5+ {[%emt 0:01:36]} Qg6 {[%emt 0:01:05]} 1/2-1/2

[Event "4NCL Div 1 2018-19"]
[Site "Telford"]
[Date "2019.02.09"]
[Round "5.12"]
[White "Smith, Murray"]
[Black "Sarakauskas, Gediminas"]
[Result "1/2-1/2"]
[WhiteElo "2190"]
[BlackElo "2430"]
[Annotator "NA"]
[PlyCount "46"]
[EventDate "2018.11.10"]
[EventType "team-tourn"]
[EventCountry "GBR"]
[SourceTitle "playchess.com"]
[Source "ChessBase"]
[SourceQuality "1"]
[TimeControl "40/6000+30:3000+30"]

1. c4 {[%emt 0:00:00]} Nf6 {[%emt 0:00:00]} 2. Nc3 {[%emt 0:00:13]} e6 {[%emt 0:00:00]} 3. Nf3 {[%emt 0:01:28]} c5 {[%emt 0:00:04]} 4. g3 {[%emt 0:01:39]} b6 {[%emt 0:00:05]} 5. Bg2 {[%emt 0:00:22]} Bb7 {[%emt 0:00:04]} 6. O-O {[%emt 0:01:33]} d6 {[%emt 0:00:18]} 7. d3 {[%emt 0:16:12]} Be7 {[%emt 0:01:21]} 8. a3 {[%emt 0:03:17]} O-O {[%emt 0:02:26]} 9. Rb1 {[%emt 0:05:44]} Qc8 {[%emt 0:05:34]} 10. Bd2 {[%emt 0:02:31]} Nbd7 {[%emt 0:19:18]} 11. b4 {[%emt 0:07:24]} Rd8 {[%emt 0:00:10]} 12. Qb3 {[%emt 0:18:41]} d5 {[%emt 0:01:53]} 13. cxd5 {[%emt 0:02:30]} exd5 {[%emt 0:01:09]} 14. bxc5 {[%emt 0:03:16]} Nxc5 {[%emt 0:00:10]} 15. Qb2 {[%emt 0:02:41]} Qd7 {[%emt 0:17:36]} 16. Nb5 {[%emt 0:05:42]} a6 {[%emt 0:01:07]} 17. Nbd4 {[%emt 0:00:05]} Na4 {[%emt 0:04:14]} 18. Qb3 {[%emt 0:01:49]} b5 {[%emt 0:01:22]} 19. Rfc1 {[%emt 0:02:28]} Rdc8 {[%emt 0:01:56]} 20. Bb4 {[%emt 0:08:08]} Bd8 {[%emt 0:15:55]} 21. Bd2 {[%emt 0:10:15]} Be7 {[%emt 0:01:35]} 22. Bb4 {[%emt 0:00:44]} Bd8 {[%emt 0:00:05]} 23. Bd2 {[%emt 0:00:03]} Be7 {[%emt 0:00:05]} 1/2-1/2

[Event "4NCL Div 1 2018-19"]
[Site "Telford"]
[Date "2019.02.09"]
[Round "5.13"]
[White "Wadsworth, Matthew J"]
[Black "Holland, James P"]
[Result "1-0"]
[WhiteElo "2350"]
[BlackElo "2260"]
[Annotator "NA"]
[PlyCount "89"]
[EventDate "2018.11.10"]
[EventType "team-tourn"]
[EventCountry "GBR"]
[SourceTitle "playchess.com"]
[Source "ChessBase"]
[SourceQuality "1"]
[TimeControl "40/6000+30:3000+30"]

1. Nf3 {[%emt 0:00:00]} Nc6 {[%emt 0:00:00]} 2. c4 {[%emt 0:00:40]} e5 {[%emt 0:01:04]} 3. Nc3 {[%emt 0:00:32]} Bb4 {[%emt 0:00:04]} 4. g3 {[%emt 0:02:44]} Bxc3 {[%emt 0:03:57]} 5. bxc3 {[%emt 0:00:10]} e4 {[%emt 0:00:16]} 6. Nd4 {[%emt 0:00:36]} Nf6 {[%emt 0:00:04]} 7. Bg2 {[%emt 0:01:58]} O-O {[%emt 0:07:15]} 8. f3 {[%emt 0:06:22]} Nxd4 {[%emt 0:11:08]} 9. cxd4 {[%emt 0:00:07]} d5 {[%emt 0:00:03]} 10. fxe4 {[%emt 0:04:43]} dxe4 {[%emt 0:01:46]} 11. Bb2 {[%emt 0:00:51]} c6 {[%emt 0:05:46]} 12. O-O {[%emt 0:02:55]} Be6 {[%emt 0:08:18]} 13. Qc2 {[%emt 0:00:15]} Qa5 {[%emt 0:00:05]} 14. Rxf6 {[%emt 0:07:12]} gxf6 {[%emt 0:00:03]} 15. Bxe4 {[%emt 0:00:08]} Qh5 {[%emt 0:06:03]} 16. Rf1 {[%emt 0:08:38]} Rfe8 {[%emt 0:02:45]} 17. d3 {[%emt 0:04:53]} Qg5 {[%emt 0:05:00]} 18. Rf4 {[%emt 0:03:37]} f5 {[%emt 0:02:18]} 19. Bf3 {[%emt 0:00:49]} Rad8 {[%emt 0:01:23]} 20. Qc3 {[%emt 0:02:06]} Qg7 {[%emt 0:01:05]} 21. Qb3 {[%emt 0:01:43]} Qf8 {[%emt 0:04:15]} 22. Qc3 {[%emt 0:04:12]} f6 {[%emt 0:03:42]} 23. e4 {[%emt 0:01:59]} fxe4 {[%emt 0:04:41]} 24. dxe4 {[%emt 0:00:07]} Bh3 {[%emt 0:02:21]} 25. Rh4 {[%emt 0:06:25]} Be6 {[%emt 0:11:00]} 26. d5 {[%emt 0:06:03]} cxd5 {[%emt 0:07:55]} 27. cxd5 {[%emt 0:00:06]} Rc8 {[%emt 0:00:51]} 28. Qd4 {[%emt 0:00:09]} Qd6 {[%emt 0:04:47]} 29. dxe6 {[%emt 0:01:53]} Rc1+ {[%emt 0:00:13]} 30. Kg2 {[%emt 0:00:02]} Rc2+ {[%emt 0:00:54]} 31. Kh3 {[%emt 0:00:11]} Qxe6+ {[%emt 0:00:50]} 32. Bg4 {[%emt 0:02:03]} Qxe4 {[%emt 0:00:53]} 33. Qxe4 {[%emt 0:01:05]} Rxe4 {[%emt 0:00:04]} 34. Bxf6 {[%emt 0:00:50]} Rxa2 {[%emt 0:08:57]} 35. Rh5 {[%emt 0:02:38]} Rf2 {[%emt 0:00:28]} 36. Bc3 {[%emt 0:05:30]} Re7 {[%emt 0:03:12]} 37. Rc5 {[%emt 0:02:20]} Kf7 {[%emt 0:01:29]} 38. Bd4 {[%emt 0:01:26]} Ra2 {[%emt 0:01:30]} 39. Rf5+ {[%emt 0:02:03]} Ke8 {[%emt 0:01:51]} 40. Bc5 {[%emt 0:00:21]} Ra5 {[%emt 0:01:11]} 41. Bxe7 {[%emt 0:51:22]} Rxf5 {[%emt 0:00:50]} 42. Bxf5 {[%emt 0:00:00]} Kxe7 {[%emt 0:00:03]} 43. Bxh7 {[%emt 0:00:00]} b5 {[%emt 0:00:06]} 44. Bd3 {[%emt 0:00:00]} b4 {[%emt 0:00:06]} 45. Bc2 {[%emt 0:00:00]} 1-0

[Event "4NCL Div 1 2018-19"]
[Site "Telford"]
[Date "2019.02.09"]
[Round "5.13"]
[White "Stork, Oliver"]
[Black "Chow, Samuel"]
[Result "0-1"]
[WhiteElo "2197"]
[BlackElo "2326"]
[Annotator "TA"]
[PlyCount "218"]
[EventDate "2018.11.10"]
[EventType "team-tourn"]
[EventCountry "GBR"]
[SourceTitle "playchess.com"]
[Source "ChessBase"]
[SourceQuality "1"]

{[%evp 16,218,37,22,19,29,31,25,42,0,31,0,0,0,0,0,10,0,44,0,0,0,0,0,0,0,0,0,4,-12,0,-22,15,-25,-20,-17,0,-43,-58,-52,-7,-45,-26,-42,-39,-45,-42,-45,-56,-95,-56,-55,-31,-130,-126,-127,-122,-137,-135,-126,-137,-122,-122,-122,-122,-137,-73,-73,-58,-63,-79,-78,-79,-41,-57,-152,-15,-14,-74,-680,-680,-681,-676,-669,-669,-541,-500,-499,-484,-484,-478,-6089,-6089,-6089,-6089,-6089,-6089,-6096,-6089,-6082,-375,-6089,-6089,-6089,-6089,-6089,-6089,-6089,-6082,-6082,-1238,-5100,-607,-600,-375,-375,-375,-6089,-6089,-6089,-6089,-6082,-6082,-6082,-6067,-6060,-6060,-6045,-5999,-5977,-5969,-5962,-5889,-5733,-1778,-3689,-3165,-1295,-1132,-29958,-29963,-29963,-29962,-29965,-29966,-29963,-29964,-29966,-29967,-29967,-29970,-29969,-29970,-29967,-29971,-29969,-29954,-29979,-29979,-29980,-29981,-29982,-29982,-29982,-29983,-29983,-29984,-29985,-29986,-29986,-29987,-29987,-29983,-29988,-29984,-29983,-29984,-29985,-29985,-29986,-29987,-29986,-29985,-29990,-29990,-29994,-29990,-29990,-29969,-29970,-29977,-29977,-29978,-29978,-29979,-29978,-29978,-29990,-29991,-29994,-29995,-29995,-29996,-29996,-29997]} 1. c4 Nf6 2. Nf3 b6 3. g3 Bb7 4. Bg2 g6 5. b3 Bg7 6. Bb2 O-O 7. O-O d6 8. d4 e6 9. Nc3 Ne4 {A15: English Opening: 1...Nf6} 10. Qc2 Nxc3 11. Bxc3 Nd7 {White has an edge.} 12. Rfd1 $146 ({Predecessor:} 12. Rac1 Qe7 13. Rfd1 f5 14. b4 Be4 15. Qa4 a6 16. Nd2 Bxg2 17. Kxg2 {0-1 (26) Vlachos,A (2434)-Esipenko,A (2609) Konya 2018}) 12... Qe7 13. b4 f5 14. a4 Be4 15. Qd2 h6 16. d5 Bxf3 17. Bxf3 Bxc3 18. Qxc3 e5 19. a5 e4 20. Bg2 Qe5 21. Rdc1 Rfe8 22. h3 Kf7 23. e3 Kf6 24. Bf1 g5 25. Be2 Rh8 26. Ra3 Qxc3 27. Rcxc3 Ke5 28. Kg2 Nf6 29. Rc1 f4 {Threatens to win with ...f3+.} 30. f3 exf3+ 31. Bxf3 fxg3 32. Rf1 h5 $36 {[%mdl 2048] Black has some pressure.} 33. Kxg3 g4 34. Bd1 (34. hxg4 hxg4 35. Bxg4 Nxg4 $17) (34. Bg2 $15) 34... h4+ $17 35. Kh2 g3+ 36. Kg2 {And now Bc2 would win.} Raf8 $1 37. axb6 axb6 38. Ra7 {[#]} Ne4 $1 {White must now prevent ...Rxf1.} 39. Rxc7 {[%cal Rc7e7]} Rxf1 40. Kxf1 {[%mdl 4096] Endgame KRB-KRN} Nf2 (40... Rf8+ $142 41. Kg2 Nd2 42. Re7+ Kf6) 41. Bc2 {Kg2 is the strong threat.} Nxh3 42. Rf7 $1 {[%csl Gc2][%cal Rf7f5]} (42. Re7+ $2 Kf6 $17) 42... Rh5 43. Re7+ Kf6 44. Re6+ {[%mdl 64] Double Attack} Kg7 45. Rxd6 {[#]} ({White should try} 45. Rg6+ $15 Kf7 46. Rxd6) 45... Nf2 (45... Rg5 $1 $17 46. Be4 (46. Kg2 Nf2 $17) 46... Nf2 47. Rd7+ Kf8) 46. Rg6+ $11 ({Wrong is} 46. Rxb6 $2 h3 $19) 46... Kf7 {aiming for ...h3.} 47. c5 $2 {[%mdl 8192]} (47. d6 $17 h3 48. d7) 47... h3 $19 {Strongly threatening ...h2.} 48. Rxg3 h2 49. Bg6+ Kf6 50. Bxh5 h1=Q+ {[%mdl 64] Double Attack} 51. Kxf2 {KQ-KRB} Qh2+ ({Less strong is} 51... Qxh5 52. cxb6 Qxd5 53. Rg4 $19) 52. Rg2 Qxh5 53. cxb6 (53. c6 $142 Qxd5 54. Rg4) 53... Qxd5 {KQ-KR} 54. Rg4 Qd2+ 55. Kf3 Qd1+ 56. Kf4 Qd6+ 57. Kf3 Qc6+ $2 (57... Qxb6 58. Rc4 Qb7+ 59. Kg3 Qb5 60. Rf4+ Ke5) 58. Kf2 $2 (58. Ke2) 58... Qxb6 59. Rd4 Ke5 60. Ke2 Qa6+ 61. Kd2 Qa2+ 62. Kd3 Qb1+ (62... Qb3+ $142 63. Ke2 Qb2+ 64. Kd3 Qg2) 63. Kd2 Qb2+ (63... Qb3 $142 64. Ke2 Qb2+ 65. Ke1 Qc2) 64. Kd3 Qf2 65. Rf4 Qe1 66. Re4+ $2 (66. Rc4) 66... Kd5 67. Rd4+ Kc6 68. Ke4 Kb5 69. Kf4 Qe2 70. Ke4 Qf1 71. Ke5 Qf3 72. Re4 Ka4 73. Kd5 Qf5+ 74. Re5 Qd7+ 75. Kc4 Qc6+ 76. Kd3 Kxb4 {( -> ...Qc4+)} 77. Ke2 Kc3 {Black mates.} 78. Rg5 Qa6+ 79. Kf3 Qf6+ 80. Kg4 Kd3 81. Rf5 Qe6 82. Kg5 Kxe3 83. Rf6 Qe5+ 84. Kg6 Ke4 85. Kf7 Qg5 86. Rg6 Qf5+ 87. Kg7 Ke5 88. Kh6 Qe4 89. Kg5 Qf4+ 90. Kh5 Qh2+ ({Stronger than} 90... Kf5 91. Rf6+ Kxf6 $11) 91. Kg5 Qh3 92. Rg7 Qg3+ 93. Kh6 Qh4+ 94. Kg6 Qf6+ 95. Kh7 Kf5 96. Kg8 Qh4 97. Rf7+ Ke6 98. Rh7 Qg5+ 99. Kf8 Qf5+ 100. Kg7 Qe5+ 101. Kf8 Kf6 {[%cal Re5b8]} 102. Rf7+ Kg6 103. Rd7 Qc5+ 104. Ke8 Kf6 105. Rd6+ Ke5 106. Rg6 Kf5 107. Rg7 Kf6 {[%cal Rc5c8]} 108. Rf7+ Ke6 {[%cal Rc5c8]} 109. Rd7 Qc6 {Accuracy: White = 32%, Black = 61%.} 0-1

[Event "4NCL Div 1 2018-19"]
[Site "Telford"]
[Date "2019.02.09"]
[Round "5.14"]
[White "Weller, Jean-Luc"]
[Black "Tyomkyn, Mikhail"]
[Result "0-1"]
[WhiteElo "2258"]
[BlackElo "2115"]
[Annotator "TA"]
[PlyCount "206"]
[EventDate "2018.11.10"]
[EventType "team-tourn"]
[EventCountry "GBR"]
[SourceTitle "playchess.com"]
[Source "ChessBase"]
[SourceQuality "1"]

{[%evp 13,206,13,19,0,0,0,9,0,0,-29,-15,-85,-77,-80,-80,-163,-164,-164,-168,-255,-261,-254,-249,-269,-228,-228,-222,-428,-426,-435,-372,-403,-389,-363,-352,-467,-418,-413,-412,-416,-416,-414,-339,-322,-306,-381,-129,-340,-275,-278,-306,-329,-314,-327,-317,-316,-194,-231,-101,-86,-98,-222,-123,-122,-131,-116,-112,-131,-60,-125,-126,-177,-177,-219,-77,-72,-106,-120,-50,-107,-46,-199,-164,-188,-188,-190,-184,-194,-195,-243,-243,-350,-350,-342,-263,-291,-220,-214,-215,-519,-513,-476,-254,-695,-666,-565,-714,-592,-735,-733,-708,-653,-568,-12842,-12762,-5057,-1728,-29946,-29951,-29943,-9365,-29953,-29955,-29955,-29957,-29955,-29957,-29955,-29961,-29960,-29961,-29962,-29961,-29965,-29965,-29963,0,-29963,-29963,-29962,-29964,-29963,-29964,-29964,-29956,-29953,-29952,-29947,-12050,-29963,-29962,-29968,-29967,-29967,-29969,-29969,-29969,-29969,-29970,-29969,-29970,-29981,-29968,-29971,-29957,-4754,-4762,-29970,-29971,-29973,-29974,-29975,-29974,-29976,-29967,-29975,-29962,-29943,-12840,-29976,-29977,-29977,-29976,-29976,-29976,-29969,-29972,-29983,-29984,-29986,-29987,-29987,-29988,-29988,-29981]} 1. d4 Nf6 2. c4 g6 3. Nf3 Bg7 4. g3 O-O 5. Bg2 c6 6. O-O d5 7. Qb3 a5 8. Na3 {D78: Fianchetto Grünfeld: 6 0-0 c6} (8. cxd5 a4 9. Qd1 cxd5 10. Nc3 Ne4 11. Nxa4 Qa5 12. Nc3 Nxc3 13. bxc3 Qxc3 14. Bd2 Qa3 15. Qb3 Nc6 {0-1 (54) Cheparinov,I (2709)-Artemiev,V (2709) Skopje 2018}) 8... a4 9. Qb4 dxc4 10. Nxc4 {The position is equal.} Na6 11. Qb6 $146 ({Predecessor:} 11. Qa3 Be6 12. Nce5 Nc7 13. Bd2 Nb5 14. Qb4 Ne4 15. Rfd1 Bd5 {½-½ (23) Rashkovsky,N (2519)-Moradiabadi,E (2439) Moscow 2005}) 11... Nc7 12. Nfe5 (12. Qb4 $11) 12... Ra6 13. Qb4 Qxd4 {And now ...Nfd5 would win.} 14. e4 (14. Be3 $17 Qd8 15. Bb6) 14... c5 $36 {[%mdl 2048] Black is really pushing.} ({Inferior is} 14... Nxe4 15. Be3 $11) 15. Qe1 Ng4 16. Be3 (16. Nxg4 $142 Qxc4 17. Ne3) 16... Nxe3 17. fxe3 Qd8 18. Rd1 Qe8 {aiming for ...b5.} 19. Nd3 b5 20. Nxc5 $2 (20. Na3) 20... bxc4 (20... Rc6 21. Qb4 $19) 21. Nxa6 Bxa6 22. Qa5 Qc8 23. Rf2 Ne6 24. Rfd2 Bh6 25. Kf2 {[#]} a3 $1 26. Qxa3 Nc5 27. Rc2 f5 28. e5 Ne4+ 29. Kg1 {[#]} Rd8 $2 (29... c3 $1 $19 {[%mdl 512]} 30. Qb3+ (30. bxc3 Bxe3+) 30... Kh8) 30. Re1 $2 (30. Rxd8+ $17 Qxd8 31. Bxe4 fxe4 32. Kg2) 30... Qe6 {White must now prevent ...Rd3.} 31. Bxe4 fxe4 32. Qc5 Rd5 33. Qa7 Rxe5 34. Rd2 Bb5 35. Rf2 {White threatens Qb8+ and mate.} Rf5 (35... Qc8 $19 36. Qd4 Bg7) 36. Rxf5 $17 Qxf5 37. Rf1 (37. a4 $17 Bc6 38. Qxe7) 37... Qd7 (37... Qc8 $19 38. Qb6 Bd7) 38. Qa8+ Qe8 39. Qxe4 e6 40. Rd1 Bf8 (40... Bc6 $1 $17 {[%cal Rc6e4]} 41. Qe5 Bf8) 41. Qe5 ({Better is} 41. h4 $15) 41... Bc6 $1 42. Qc7 (42. a3 $17) 42... Bd5 $1 $19 43. Rf1 Qe7 (43... Bg7 $19 {and Black stays clearly on top. Threatens to win with ...h6.} 44. Rf2 h6) 44. Qxe7 $17 Bxe7 45. a4 Bb4 (45... Bg5 $17 46. Re1 Bf6) 46. h4 (46. Kf2 $15) 46... Be4 ({Black should try} 46... h5 $17 47. Kf2 Kg7) 47. Kf2 $2 (47. Rf4 $15 Bd5 48. Rf1) 47... Bc2 48. Ra1 {[#] and if a5 works, White does fine.} Ba5 $1 49. Rc1 Bb3 50. Kf3 Kf7 ({Much less strong is} 50... Bxa4 51. Rxc4 Bd7 52. e4 $15) 51. Ke4 Ke7 ({Not} 51... Bxa4 52. Rxc4 Bb3 53. Rc5 $17) 52. h5 (52. g4 $142) 52... gxh5 $19 53. Kf4 Kf6 54. Ra1 e5+ 55. Kf3 Ke6 56. e4 $2 (56. Rc1) 56... Kd6 57. Rh1 Kc6 (57... Bb6 $142 58. a5 Bxa5) 58. Ke3 $2 (58. Ke2) 58... Bxa4 59. Rxh5 Bb6+ 60. Kd2 Bd4 61. Kc1 Kc5 62. Rxh7 Bc6 63. Rh3 Bxe4 64. g4 Kd5 (64... Bd3 $142 65. Rh5 Be2) 65. g5 Ke6 66. Rg3 Kf7 67. b3 cxb3 68. Rxb3 Kg6 69. Rg3 Bf2 70. Rb3 Kxg5 71. Kd2 Kf4 72. Ke2 Bd4 73. Rb8 Bf3+ 74. Kd3 Be4+ 75. Ke2 $1 Bf5 76. Rb4 Ke4 77. Ra4 Bg4+ 78. Kd2 Bf3 79. Ra3 Kf4 80. Ra4 Bc6 81. Ra6 Be3+ 82. Ke1 Bb5 83. Ra5 Bd3 84. Ra8 e4 85. Rf8+ Kg3 86. Rg8+ Kf3 87. Ra8 Bd4 88. Ra3 Bf2+ 89. Kd2 {[#]} Be3+ $1 90. Ke1 Bf4 91. Rb3 Ke3 92. Ra3 Bg3+ 93. Kd1 Bh4 94. Rb3 Bd8 95. Ra3 Be7 96. Rb3 Kd4 {Black mates.} 97. Rb7 Bc5 98. Rh7 e3 99. Rh4+ Kc3 100. Ke1 Bc4 101. Rh8 Bb4 {[%cal Rc3c2]} 102. Rh2 Kd3+ 103. Kf1 Bd2 {Accuracy: White = 28%, Black = 60%.} 0-1